[Event "Szczawno Festival IM 2018"]
[Site "Szczawno"]
[Date "2018.12.19"]
[Round "6"]
[White "Sergeev, Vladimir"]
[Black "Fus, Jakub"]
[Result "1/2-1/2"]
[WhiteElo "2402"]
[BlackElo "2265"]
[Annotator "ChessBase"]
[PlyCount "165"]
[EventDate "2018.12.14"]
[EventType "tourn"]
[EventCountry "POL"]
[SourceTitle "playchess.com"]
[Source "ChessBase"]
[SourceQuality "1"]
[TimeControl "40/5400+30:900+30"]

1. d4 {[%emt 0:05:01]} Nf6 {[%emt 0:00:00]} 2. Nf3 {[%emt 0:00:09]} b6 {[%emt 0:00:23]} 3. Bf4 {[%emt 0:00:09]} Bb7 {[%emt 0:00:19]} 4. e3 {[%emt 0:00:06]} g6 {[%emt 0:00:17]} 5. Be2 {[%emt 0:00:13]} Bg7 {[%emt 0:00:17]} 6. h3 {[%emt 0:00:12]} O-O {[%emt 0:00:26]} 7. O-O {[%emt 0:00:02]} d6 {[%emt 0:00:25]} 8. a4 {[%emt 0:00:39]} a6 {[%emt 0:01:06]} 9. c3 {[%emt 0:05:34]} Nbd7 {[%emt 0:03:57]} 10. Nbd2 {[%emt 0:00:54]} c5 {[%emt 0:01:22]} 11. Bh2 {[%emt 0:00:07]} Ra7 {[%emt 0:02:02]} 12. Qb1 {[%emt 0:04:30]} Qa8 {[%emt 0:02:54]} 13. Bd3 {[%emt 0:02:02]} d5 {[%emt 0:16:37]} 14. Ne5 {[%emt 0:14:58]} Nxe5 {[%emt 0:03:26]} 15. Bxe5 {[%emt 0:00:50]} a5 {[%emt 0:13:17]} 16. Rd1 {[%emt 0:09:40]} Bh6 {[%emt 0:01:19]} 17. Bb5 {[%emt 0:02:55]} Bc6 {[%emt 0:01:51]} 18. Qd3 {[%emt 0:18:00]} Nd7 {[%emt 0:00:59]} 19. Bg3 {[%emt 0:00:29]} Bg7 {[%emt 0:02:34]} 20. Nf3 {[%emt 0:01:23]} c4 {[%emt 0:08:04]} 21. Bxc6 {[%emt 0:02:55]} Qxc6 {[%emt 0:00:10]} 22. Qc2 {[%emt 0:00:05]} f5 {[%emt 0:05:04]} 23. Nd2 {[%emt 0:03:12]} Rc8 {[%emt 0:07:37]} 24. b3 {[%emt 0:03:40]} cxb3 {[%emt 0:05:21]} 25. Qxb3 {[%emt 0:00:55]} Rb7 {[%emt 0:06:06]} 26. Rab1 {[%emt 0:01:27]} Nf6 {[%emt 0:00:32]} 27. Rdc1 {[%emt 0:04:14]} Ne4 {[%emt 0:00:41]} 28. Nxe4 {[%emt 0:00:06]} fxe4 {[%emt 0:00:03]} 29. Kf1 {[%emt 0:02:15]} e6 {[%emt 0:00:40]} 30. Ke1 {[%emt 0:00:22]} Bf6 {[%emt 0:00:24]} 31. Qb5 {[%emt 0:04:29]} Qc4 {[%emt 0:02:29]} 32. Rb3 {[%emt 0:00:18]} Kf7 {[%emt 0:00:53]} 33. Rcb1 {[%emt 0:03:11]} Bd8 {[%emt 0:00:13]} 34. Kd2 {[%emt 0:01:01]} Qxb5 {[%emt 0:01:11]} 35. Rxb5 {[%emt 0:00:05]} Rd7 {[%emt 0:00:42]} 36. f3 {[%emt 0:00:15]} exf3 {[%emt 0:02:57]} 37. gxf3 {[%emt 0:00:02]} Rc4 {[%emt 0:00:20]} 38. Ra1 {[%emt 0:00:07]} Bc7 {[%emt 0:02:42]} 39. Bf2 {[%emt 0:06:00]} e5 {[%emt 0:00:25]} 40. Kd3 {[%emt 0:00:00]} Rc6 {[%emt 0:00:00]} 41. e4 {[%emt 0:03:56]} Rf6 {[%emt 0:08:15]} 42. Ke2 {[%emt 0:01:41]} exd4 {[%emt 0:06:47]} 43. cxd4 {[%emt 0:06:00]} Rc6 {[%emt 0:02:07]} 44. Ra2 {[%emt 0:01:46]} Rc3 {[%emt 0:02:23]} 45. Be3 {[%emt 0:00:25]} Ke6 {[%emt 0:01:47]} 46. Kd2 {[%emt 0:00:10]} Rc6 {[%emt 0:00:33]} 47. Kd3 {[%emt 0:00:08]} Bd8 {[%emt 0:00:55]} 48. Re2 {[%emt 0:00:18]} Rc8 {[%emt 0:01:31]} 49. exd5+ {[%emt 0:02:02]} Kf7 {[%emt 0:00:07]} 50. Bf4 {[%emt 0:00:20]} g5 {[%emt 0:03:16]} 51. Be5 {[%emt 0:02:34]} Rc1 {[%emt 0:00:04]} 52. d6 {[%emt 0:01:04]} Ra1 {[%emt 0:01:49]} 53. Kc4 {[%emt 0:00:11]} Rxa4+ {[%emt 0:00:06]} 54. Kd5 {[%emt 0:00:04]} Ra7 {[%emt 0:00:50]} 55. f4 {[%emt 0:00:10]} Ra3 {[%emt 0:00:58]} 56. fxg5 {[%emt 0:00:39]} Rf3 {[%emt 0:00:18]} 57. Rc2 {[%emt 0:02:17]} a4 {[%emt 0:00:23]} 58. Rbb2 {[%emt 0:02:46]} a3 {[%emt 0:00:22]} 59. Rf2 {[%emt 0:00:29]} Ra5+ {[%emt 0:00:51]} 60. Kc6 {[%emt 0:00:02]} Rxf2 {[%emt 0:00:32]} 61. Rxf2+ {[%emt 0:00:01]} Ke6 {[%emt 0:00:18]} 62. Re2 {[%emt 0:00:28]} a2 {[%emt 0:00:41]} 63. d5+ {[%emt 0:00:07]} Kf5 {[%emt 0:00:53]} 64. h4 {[%emt 0:01:19]} a1=Q {[%emt 0:00:31]} 65. Bxa1 {[%emt 0:00:02]} Rxa1 {[%emt 0:00:02]} 66. Re8 {[%emt 0:00:49]} Ra8 {[%emt 0:00:50]} 67. Kb7 {[%emt 0:00:18]} Ra5 {[%emt 0:00:27]} 68. Rxd8 {[%emt 0:00:03]} Rxd5 {[%emt 0:00:30]} 69. Kxb6 {[%emt 0:01:07]} Rd1 {[%emt 0:00:27]} 70. Kc7 {[%emt 0:00:49]} Rc1+ {[%emt 0:00:11]} 71. Kd7 {[%emt 0:00:02]} Kg4 {[%emt 0:00:10]} 72. Rh8 {[%emt 0:01:45]} Kxh4 {[%emt 0:00:05]} 73. Rxh7+ {[%emt 0:00:04]} Kxg5 {[%emt 0:00:04]} 74. Rf7 {[%emt 0:00:06]} Kg6 {[%emt 0:00:13]} 75. Rf2 {[%emt 0:00:12]} Ra1 {[%emt 0:01:09]} 76. Ke7 {[%emt 0:00:06]} Re1+ {[%emt 0:00:20]} 77. Kd8 {[%emt 0:00:02]} Rc1 {[%emt 0:00:20]} 78. d7 {[%emt 0:00:06]} Kg7 {[%emt 0:00:03]} 79. Rf4 {[%emt 0:00:34]} Rc2 {[%emt 0:00:19]} 80. Ke7 {[%emt 0:01:02]} Re2+ {[%emt 0:00:04]} 81. Kd6 {[%emt 0:00:05]} Rd2+ {[%emt 0:00:03]} 82. Ke6 {[%emt 0:00:04]} Rd1 {[%emt 0:00:10]} 83. Rf5 {[%emt 0:00:06]} 1/2-1/2

[Event "Szczawno Festival IM 2018"]
[Site "Szczawno"]
[Date "2018.12.19"]
[Round "6"]
[White "Pacan-Milej, Kosma"]
[Black "Chylewski, Patryk"]
[Result "1/2-1/2"]
[WhiteElo "2334"]
[BlackElo "2268"]
[Annotator "ChessBase"]
[PlyCount "50"]
[EventDate "2018.12.14"]
[EventType "tourn"]
[EventCountry "POL"]
[SourceTitle "playchess.com"]
[Source "ChessBase"]
[SourceQuality "1"]
[TimeControl "40/5400+30:900+30"]

1. d4 {[%emt 0:00:00]} Nf6 {[%emt 0:00:00]} 2. c4 {[%emt 0:00:00]} e6 {[%emt 0:00:00]} 3. g3 {[%emt 0:00:00]} d5 {[%emt 0:00:06]} 4. Nf3 {[%emt 0:00:00]} Bb4+ {[%emt 0:00:17]} 5. Bd2 {[%emt 0:00:11]} Bd6 {[%emt 0:00:20]} 6. Nc3 {[%emt 0:00:14]} Nc6 {[%emt 0:01:50]} 7. Bg2 {[%emt 0:15:40]} O-O {[%emt 0:05:59]} 8. cxd5 {[%emt 0:06:04]} exd5 {[%emt 0:00:27]} 9. Bg5 {[%emt 0:01:17]} Be6 {[%emt 0:07:54]} 10. O-O {[%emt 0:01:10]} Be7 {[%emt 0:03:35]} 11. Ne5 {[%emt 0:05:46]} Nxe5 {[%emt 0:08:28]} 12. dxe5 {[%emt 0:00:17]} Ng4 {[%emt 0:00:39]} 13. Bxe7 {[%emt 0:01:25]} Qxe7 {[%emt 0:00:35]} 14. Nxd5 {[%emt 0:02:02]} Bxd5 {[%emt 0:01:49]} 15. Qxd5 {[%emt 0:00:14]} c6 {[%emt 0:01:54]} 16. Qd4 {[%emt 0:10:47]} Nxe5 {[%emt 0:01:04]} 17. Rad1 {[%emt 0:05:54]} Rfd8 {[%emt 0:02:10]} 18. Qe3 {[%emt 0:00:23]} Ng6 {[%emt 0:04:54]} 19. Be4 {[%emt 0:12:04]} Kf8 {[%emt 0:06:59]} 20. Qf3 {[%emt 0:06:31]} Kg8 {[%emt 0:09:31]} 21. Bc2 {[%emt 0:04:29]} Rxd1 {[%emt 0:08:36]} 22. Rxd1 {[%emt 0:00:07]} Rd8 {[%emt 0:00:17]} 23. Rxd8+ {[%emt 0:02:20]} Qxd8 {[%emt 0:00:02]} 24. Bb3 {[%emt 0:01:25]} Qe7 {[%emt 0:03:02]} 25. Qf5 {[%emt 0:04:47]} Nf8 {[%emt 0:01:34]} 1/2-1/2

[Event "Szczawno Festival IM 2018"]
[Site "Szczawno"]
[Date "2018.12.19"]
[Round "6"]
[White "Tejaswini, Sagar"]
[Black "Krzywda, Andrzej"]
[Result "0-1"]
[WhiteElo "2177"]
[BlackElo "2178"]
[Annotator "NA"]
[PlyCount "62"]
[EventDate "2018.12.14"]
[EventType "tourn"]
[EventCountry "POL"]
[SourceTitle "playchess.com"]
[Source "ChessBase"]
[SourceQuality "1"]
[TimeControl "40/5400+30:900+30"]

{[%evp 8,52,31,6,27,30,31,28,32767,32767,32767,32767,32767,25,65,29,32767,32767,32767,32767,32767,0,48,46,55,33,82,65,164,98,156,122,86,-110,32767,32767,32767,32767,32767,-586,-606,-1251,32767,-1306,-1541,-1547,-1314]} 1. e4 {[%emt 0:00:00]} c5 {[%emt 0:00:00]} 2. Nf3 {[%emt 0:00:00]} e6 {[%emt 0:00:00]} 3. d4 {[%emt 0:00:00]} cxd4 {[%emt 0:00:00]} 4. Nxd4 {[%emt 0:00:00]} Nf6 {[%emt 0:00:00]} 5. Nc3 {[%emt 0:00:04]} d6 {[%emt 0:00:00]} 6. g4 {[%emt 0:00:11]} h6 {[%emt 0:01:21]} 7. g5 {[%emt 0:00:33]} hxg5 {[%emt 0:01:45]} 8. Bxg5 {[%emt 0:00:10]} Nc6 {[%emt 0:02:20]} 9. h4 {[%emt 0:01:51]} Qb6 {[%emt 0:04:15]} 10. Nb3 {[%emt 0:01:01]} a6 {[%emt 0:01:17]} 11. Qe2 {[%emt 0:04:19]} Be7 {[%emt 0:09:10] B81: Sicilian Scheveningen: Keres Attack} (11... Qc7 12. O-O-O Bd7 13. Kb1 b5 14. a3 Rc8 15. h5 Be7 16. f4 Na5 17. e5 Nxb3 18. cxb3 dxe5 19. fxe5 {1-0 (36) Horvath,C (2515)-Tolnai,T (2495) Hungary 1992}) 12. O-O-O {[%emt 0:05:50]} Qc7 {[%emt 0:00:07]} 13. Bg2 {[%emt 0:07:03]} Bd7 {[%emt 0:02:42]} 14. f4 {[%emt 0:09:21]} (14. h5 $14) 14... O-O-O {[%emt 0:02:13]} 15. h5 {[%emt 0:03:47]} Kb8 {[%emt 0:04:33] LiveBook: 6 Games} 16. Bf3 {[%emt 0:01:13]} Rc8 {[%emt 0:05:19]} 17. Kb1 $146 {[%emt 0:02:22]} ({Predecessor:} 17. Bh4 b5 18. Bf2 Be8 19. e5 Nd7 20. Nxb5 axb5 21. Qxb5+ Ka8 22. Qa6+ Kb8 23. Bxc6 {1-0 (23) Rogulj,B (2380)-Kiefer,G (2235) Balatonbereny 1986}) 17... Rhd8 {[%emt 0:07:08]} ({Black should try} 17... Ne8 $14) 18. Rhe1 {[%emt 0:05:45]} Na5 {[%emt 0:09:45]} (18... Ne8 $142) 19. Nxa5 {[%emt 0:07:08]} Qxa5 {[%emt 0:00:05]} 20. Rg1 $2 {[%emt 0:07:31]} (20. e5 $16 {stays on course.} Rxc3 21. bxc3) 20... Rxc3 {[%emt 0:06:51]} 21. bxc3 {[%emt 0:00:12]} Bb5 {[%emt 0:01:34]} 22. Qe3 {[%emt 0:07:46]} Rc8 {[%emt 0:04:16]} 23. Kb2 $2 {[%emt 0:07:33] [#]} (23. Bxf6 Bxf6 24. e5 Rxc3 25. Qd4) 23... d5 $1 {[%emt 0:03:12]} 24. a4 {[%emt 0:01:44] [#]} Ba3+ $1 {[%emt 0:04:23]} 25. Kxa3 {[%emt 0:03:23]} Rxc3+ {[%emt 0:00:19]} 26. Qxc3 {[%emt 0:00:03]} Qxc3+ {[%emt 0:00:11]} 27. Ka2 {[%emt 0:00:02]} Bc4+ {[%emt 0:05:26]} 28. Kb1 {[%emt 0:00:12]} Qa3 {[%emt 0:04:36]} 29. Rg2 {[%emt 0:00:55]} Qxf3 {[%emt 0:00:47]} 30. Rdg1 {[%emt 0:00:05]} Nxe4 {[%emt 0:00:43]} 31. h6 {[%emt 0:01:07]} Qa3 {[%emt 0:01:45]} 0-1

[Event "Szczawno Festival IM 2018"]
[Site "Szczawno"]
[Date "2018.12.19"]
[Round "7"]
[White "Karpus, Michal"]
[Black "Simantsev, Mikhail"]
[Result "0-1"]
[WhiteElo "2355"]
[BlackElo "2404"]
[Annotator "ChessBase"]
[PlyCount "112"]
[EventDate "2018.12.14"]
[EventType "tourn"]
[EventCountry "POL"]
[SourceTitle "playchess.com"]
[Source "ChessBase"]
[SourceQuality "1"]
[TimeControl "40/5400+30:900+30"]

1. e4 {[%emt 0:00:00]} e5 {[%emt 0:12:33]} 2. Nf3 {[%emt 0:00:00]} Nc6 {[%emt 0:00:04]} 3. Bb5 {[%emt 0:00:03]} a6 {[%emt 0:00:02]} 4. Ba4 {[%emt 0:00:12]} Nf6 {[%emt 0:00:04]} 5. O-O {[%emt 0:00:20]} Be7 {[%emt 0:00:31]} 6. Re1 {[%emt 0:00:13]} b5 {[%emt 0:00:18]} 7. Bb3 {[%emt 0:00:11]} d6 {[%emt 0:00:02]} 8. c3 {[%emt 0:00:22]} O-O {[%emt 0:00:04]} 9. h3 {[%emt 0:00:15]} Bb7 {[%emt 0:00:05]} 10. d4 {[%emt 0:00:30]} Re8 {[%emt 0:00:08]} 11. Nbd2 {[%emt 0:00:50]} exd4 {[%emt 0:00:40]} 12. cxd4 {[%emt 0:00:15]} Nd7 {[%emt 0:00:18]} 13. Nf1 {[%emt 0:01:33]} Na5 {[%emt 0:00:32]} 14. Bc2 {[%emt 0:00:14]} Bf6 {[%emt 0:00:03]} 15. Rb1 {[%emt 0:06:07]} c5 {[%emt 0:00:45]} 16. d5 {[%emt 0:00:14]} Nc4 {[%emt 0:00:14]} 17. b3 {[%emt 0:00:24]} Nce5 {[%emt 0:00:47]} 18. N3h2 {[%emt 0:00:46]} a5 {[%emt 0:04:03]} 19. Ng3 {[%emt 0:02:21]} Nb6 {[%emt 0:17:46]} 20. Rf1 {[%emt 0:02:17]} g6 {[%emt 0:09:58]} 21. f4 {[%emt 0:07:09]} Ned7 {[%emt 0:01:08]} 22. Ng4 {[%emt 0:00:58]} Bg7 {[%emt 0:04:45]} 23. f5 {[%emt 0:15:06]} Qh4 {[%emt 0:03:15]} 24. Bf4 {[%emt 0:09:24]} Ne5 {[%emt 0:13:25]} 25. Nh2 {[%emt 0:12:53]} b4 {[%emt 0:04:43]} 26. Ne2 {[%emt 0:04:16]} Ba6 {[%emt 0:05:18]} 27. Qd2 {[%emt 0:01:42]} Qd8 {[%emt 0:01:58]} 28. Rf2 {[%emt 0:01:06]} c4 {[%emt 0:05:09]} 29. Bg5 {[%emt 0:02:23]} Qc7 {[%emt 0:01:22]} 30. f6 {[%emt 0:01:56]} Bh8 {[%emt 0:00:32]} 31. Nd4 {[%emt 0:08:33]} Nbd7 {[%emt 0:05:53]} 32. Bh4 {[%emt 0:03:37]} Qc5 {[%emt 0:01:13]} 33. Ng4 {[%emt 0:07:44]} Nxg4 {[%emt 0:01:24]} 34. hxg4 {[%emt 0:00:13]} Ne5 {[%emt 0:01:41]} 35. g5 {[%emt 0:01:11]} c3 {[%emt 0:04:10]} 36. Qd1 {[%emt 0:00:42]} Bc8 {[%emt 0:00:41]} 37. Kh1 {[%emt 0:06:06]} Bg4 {[%emt 0:00:38]} 38. Nf3 {[%emt 0:00:14]} h6 {[%emt 0:01:02]} 39. gxh6 {[%emt 0:01:07]} Bxf6 {[%emt 0:01:06]} 40. Qf1 {[%emt 0:00:00]} Bxh4 {[%emt 0:00:00]} 41. Nxh4 {[%emt 0:04:34]} Qe3 {[%emt 0:04:36]} 42. Rf4 {[%emt 0:07:15]} Qg3 {[%emt 0:06:47]} 43. Qf2 {[%emt 0:01:02]} Qxf2 {[%emt 0:00:18]} 44. Rxf2 {[%emt 0:00:09]} Kh7 {[%emt 0:00:17]} 45. Rf6 {[%emt 0:00:45]} Rad8 {[%emt 0:00:34]} 46. Nf3 {[%emt 0:02:13]} Bxf3 {[%emt 0:01:43]} 47. gxf3 {[%emt 0:00:11]} Re7 {[%emt 0:00:24]} 48. Rf4 {[%emt 0:01:53]} Kxh6 {[%emt 0:00:06]} 49. Rg1 {[%emt 0:00:29]} Kg7 {[%emt 0:00:42]} 50. Rg3 {[%emt 0:00:25]} Rh8+ {[%emt 0:00:23]} 51. Kg2 {[%emt 0:00:10]} Ree8 {[%emt 0:00:36]} 52. Rh3 {[%emt 0:00:39]} Rxh3 {[%emt 0:00:11]} 53. Kxh3 {[%emt 0:00:10]} Rh8+ {[%emt 0:00:02]} 54. Kg2 {[%emt 0:00:18]} f6 {[%emt 0:00:47]} 55. Kg1 {[%emt 0:00:45]} g5 {[%emt 0:00:25]} 56. Rf5 {[%emt 0:00:07]} Ng6 {[%emt 0:00:36]} 0-1

[Event "Szczawno Festival IM 2018"]
[Site "Szczawno"]
[Date "2018.12.19"]
[Round "7"]
[White "Chylewski, Patryk"]
[Black "Tejaswini, Sagar"]
[Result "0-1"]
[WhiteElo "2268"]
[BlackElo "2177"]
[Annotator "NA"]
[PlyCount "82"]
[EventDate "2018.12.14"]
[EventType "tourn"]
[EventCountry "POL"]
[SourceTitle "playchess.com"]
[Source "ChessBase"]
[SourceQuality "1"]
[TimeControl "40/5400+30:900+30"]

1. e4 {[%emt 0:00:00]} e5 {[%emt 0:00:00]} 2. Nf3 {[%emt 0:00:00]} Nc6 {[%emt 0:00:00]} 3. d4 {[%emt 0:00:00]} exd4 {[%emt 0:00:00]} 4. Bc4 {[%emt 0:00:00]} Bc5 {[%emt 0:00:00]} 5. c3 {[%emt 0:00:06]} Nf6 {[%emt 0:00:00]} 6. e5 {[%emt 0:00:07]} d5 $1 {[%emt 0:00:19]} 7. Be2 {[%emt 0:00:07] C54: Giuoco Piano: 4 c3 Nf6, main lines with 5 d4 and 5 d3} Ne4 {[%emt 0:00:03]} 8. cxd4 {[%emt 0:00:06]} Bb6 {[%emt 0:00:02]} 9. O-O {[%emt 0:00:19]} O-O {[%emt 0:00:22]} 10. Be3 {[%emt 0:00:06]} Be6 {[%emt 0:00:53]} 11. Nc3 {[%emt 0:00:43]} f6 {[%emt 0:03:30] LiveBook: 6 Games} 12. exf6 {[%emt 0:00:41]} Qxf6 {[%emt 0:00:35]} 13. Rc1 {[%emt 0:09:46] [#]} Rae8 $146 {[%emt 0:03:39]} ({Predecessor:} 13... Rad8 14. h3 h6 {0-1 (33) Jones,G (2661)-Caruana,F (2839) London 2014}) 14. Na4 {[%emt 0:14:03]} Kh8 {[%emt 0:10:59]} 15. Nxb6 {[%emt 0:04:56]} axb6 {[%emt 0:00:12]} 16. Qb3 {[%emt 0:02:14]} Rd8 {[%emt 0:18:39]} 17. Qd1 {[%emt 0:14:12]} h6 {[%emt 0:01:54]} 18. b4 {[%emt 0:08:34]} Rc8 {[%emt 0:11:32]} 19. Qb3 {[%emt 0:04:32]} Nd6 $11 {[%emt 0:05:51]} 20. a4 {[%emt 0:04:32]} Nf5 {[%emt 0:01:04]} 21. Qc3 {[%emt 0:02:33]} Nd6 {[%emt 0:14:13]} 22. b5 {[%emt 0:14:48]} Na5 {[%emt 0:00:52]} 23. Ne5 {[%emt 0:00:08]} Nac4 {[%emt 0:00:56]} 24. Bd3 {[%emt 0:05:19]} Bf5 {[%emt 0:01:57]} 25. Bf4 {[%emt 0:01:25]} Ne4 {[%emt 0:05:24]} 26. Qc2 {[%emt 0:01:27]} Nxe5 {[%emt 0:06:08]} 27. Bxe5 {[%emt 0:00:45]} Qg5 {[%emt 0:01:21]} 28. f4 {[%emt 0:09:30]} Qe7 {[%emt 0:01:13]} 29. Bxe4 {[%emt 0:00:31]} Bxe4 {[%emt 0:00:43]} 30. Qe2 {[%emt 0:01:30]} Kh7 {[%emt 0:04:01]} 31. Rc3 {[%emt 0:00:20]} c5 {[%emt 0:02:39]} 32. Rg3 {[%emt 0:01:29]} g6 {[%emt 0:00:55]} 33. Rh3 {[%emt 0:00:45]} cxd4 {[%emt 0:00:43]} 34. Bxd4 {[%emt 0:00:28]} Rc2 {[%emt 0:01:21]} 35. Qxc2 {[%emt 0:00:55]} Bxc2 {[%emt 0:00:06]} 36. Re3 {[%emt 0:00:32]} Be4 {[%emt 0:01:13]} 37. Rc1 {[%emt 0:00:19]} Rxf4 {[%emt 0:01:56]} 38. Rec3 {[%emt 0:00:39]} Rf7 {[%emt 0:01:47]} 39. Rc8 {[%emt 0:00:26]} g5 {[%emt 0:00:25]} 40. Bxb6 {[%emt 0:00:00]} Qf6 {[%emt 0:00:00]} 41. a5 {[%emt 0:02:16]} Qb2 {[%emt 0:02:28]} 0-1

[Event "Szczawno Festival IM 2018"]
[Site "Szczawno"]
[Date "2018.12.19"]
[Round "7"]
[White "Fus, Jakub"]
[Black "Pacan-Milej, Kosma"]
[Result "1-0"]
[WhiteElo "2265"]
[BlackElo "2334"]
[Annotator "NA"]
[PlyCount "87"]
[EventDate "2018.12.14"]
[EventType "tourn"]
[EventCountry "POL"]
[SourceTitle "playchess.com"]
[Source "ChessBase"]
[SourceQuality "1"]
[TimeControl "40/5400+30:900+30"]

1. d4 {[%emt 0:00:00]} Nf6 {[%emt 0:00:00]} 2. c4 {[%emt 0:00:00]} c5 {[%emt 0:00:00]} 3. d5 {[%emt 0:00:06]} b5 {[%emt 0:00:00]} 4. cxb5 {[%emt 0:00:20]} a6 {[%emt 0:00:00]} 5. e3 {[%emt 0:00:15]} axb5 {[%emt 0:00:16]} 6. Bxb5 {[%emt 0:00:23]} Qa5+ {[%emt 0:00:13]} 7. Nc3 {[%emt 0:00:17]} Bb7 {[%emt 0:00:19]} 8. Bd2 {[%emt 0:00:27]} Qb6 {[%emt 0:00:22]} 9. Nf3 {[%emt 0:00:41]} Nxd5 {[%emt 0:00:19] LiveBook: 63 Games} 10. a4 {[%emt 0:00:32]} Nb4 {[%emt 0:00:16]} 11. O-O {[%emt 0:02:14]} g6 {[%emt 0:01:02]} 12. e4 {[%emt 0:04:54]} Bg7 $1 {[%emt 0:00:18]} 13. Bf4 {[%emt 0:13:23]} N8c6 {[%emt 0:39:05]} 14. Rc1 {[%emt 0:18:34]} Rc8 {[%emt 0:33:21]} 15. Re1 $14 {[%emt 0:08:46]} O-O {[%emt 0:04:10]} 16. Nd5 {[%emt 0:06:32]} Nxd5 {[%emt 0:01:49]} 17. exd5 {[%emt 0:00:16]} Nb4 {[%emt 0:04:08]} 18. d6 {[%emt 0:05:36]} Bxf3 {[%emt 0:00:04]} 19. Qxf3 {[%emt 0:09:22]} exd6 {[%emt 0:00:30]} 20. b3 {[%emt 0:07:40]} Rce8 {[%emt 0:07:15]} 21. Rxe8 {[%emt 0:02:21]} Rxe8 {[%emt 0:00:03]} 22. Bxd7 {[%emt 0:00:13]} Rd8 {[%emt 0:01:05]} 23. Bb5 {[%emt 0:01:51]} Qc7 {[%emt 0:02:44]} 24. Qe4 {[%emt 0:02:27]} Na2 {[%emt 0:01:41]} 25. Re1 {[%emt 0:04:42]} h6 {[%emt 0:00:01]} 26. Bc4 {[%emt 0:01:11]} Kh7 {[%emt 0:01:16]} 27. h4 {[%emt 0:03:07]} Nc3 {[%emt 0:00:24]} 28. Qc2 {[%emt 0:00:11]} Qb7 {[%emt 0:01:22]} 29. h5 {[%emt 0:00:51]} d5 {[%emt 0:01:11]} 30. Bd3 {[%emt 0:00:25]} Qc6 {[%emt 0:00:50]} 31. hxg6+ {[%emt 0:01:47]} fxg6 {[%emt 0:00:04]} 32. Be5 {[%emt 0:01:06]} d4 {[%emt 0:00:33]} 33. Bxg7 {[%emt 0:01:02]} Kxg7 {[%emt 0:00:02]} 34. Bxg6 {[%emt 0:01:07]} Qf6 {[%emt 0:01:30]} 35. Bd3 {[%emt 0:00:38]} Rd5 {[%emt 0:00:32]} 36. Bc4 {[%emt 0:01:37]} Re5 {[%emt 0:00:20]} 37. Rxe5 {[%emt 0:01:26]} Qxe5 {[%emt 0:00:01]} 38. g3 {[%emt 0:01:04]} Qe1+ {[%emt 0:01:06]} 39. Kg2 {[%emt 0:00:19]} Qe5 {[%emt 0:00:46]} 40. a5 {[%emt 0:00:00]} h5 {[%emt 0:00:00]} 41. Qd3 {[%emt 0:02:12]} Nd5 {[%emt 0:05:21]} 42. Qe2 {[%emt 0:02:36]} Qg5 {[%emt 0:00:57]} 43. Qf3 {[%emt 0:00:23]} Nf6 {[%emt 0:00:10]} 44. a6 {[%emt 0:00:30]} 1-0

[Event "Szczawno Festival IM 2018"]
[Site "Szczawno"]
[Date "2018.12.19"]
[Round "7"]
[White "Sliwicka, Alicja"]
[Black "Sergeev, Vladimir"]
[Result "0-1"]
[WhiteElo "2236"]
[BlackElo "2402"]
[Annotator "TA"]
[PlyCount "142"]
[EventDate "2018.12.14"]
[EventType "tourn"]
[EventCountry "POL"]
[SourceTitle "playchess.com"]
[Source "ChessBase"]
[SourceQuality "1"]

{[%evp 9,141,58,79,79,89,46,57,54,61,37,54,54,52,21,25,0,17,0,0,0,0,0,0,0,0,0,48,21,33,0,0,0,37,0,0,-91,0,-53,0,-41,0,0,0,0,0,-8,0,-20,0,-179,-172,-210,-64,-200,-231,-322,-322,-335,-264,-274,-237,-327,-52,-52,-52,-125,-93,-81,-70,-85,-81,-123,-131,-113,-69,-65,-74,-93,-74,-79,-59,-68,-45,-120,-102,-189,-113,-107,-103,-100,-49,-101,-100,-102,-85,-120,-121,-169,-156,-174,-127,-70,-8,0,0,0,0,0,0,0,0,0,-6,-477,-477,-477,-477,-462,-393,-433,-435,-794,-790,-654,-424,-402,-400,-29985,-29986,-29995,-29996,-29998,-29999,-29999]} 1. e4 {[%cal Be2e4,Be4e5][%mdl 32]} Nf6 2. e5 Nd5 3. d4 c6 (3... d6 4. Nf3 dxe5 5. Nxe5 c6 6. Nf3 Bg4 7. Be2 Nd7 8. O-O e6 9. Re1 Bd6 10. Nbd2 N7f6 11. Nc4 Bc7 12. Nce5 Bh5 13. c3 O-O {1-0 (37) Vachier Lagrave,M (2779)-Dominguez Perez,L (2739) chess.com INT 2018}) 4. c4 Nc7 5. Nc3 d5 {LiveBook: 8 Games} 6. a3 $146 {B03: Alekhine's Defence: Four Pawns Attack} ({Predecessor:} 6. h3 dxc4 7. Bxc4 Be6 8. Bxe6 Nxe6 9. Nge2 Nc7 10. Qb3 b6 11. Bg5 {0-1 (48) Aliavdin,N (2357)-Sergeev,V (2457) Trzcianka 2014}) 6... b6 7. f4 e6 8. cxd5 {White is slightly better.} Nxd5 9. Nf3 Be7 10. Bd3 Ba6 11. O-O O-O 12. Bxa6 Nxa6 13. Qd3 Nxc3 14. bxc3 Nc7 15. Ng5 Bxg5 16. fxg5 c5 17. Rf3 Qd5 18. Rh3 {[%csl Gh3][%cal Rd3h7]} g6 19. Be3 (19. Qg3 $5 {[%cal Rg3h4]} Qe4 20. Be3 $11) 19... cxd4 20. cxd4 Rfd8 21. Rd1 Rac8 22. a4 (22. Rf1 $11 {remains equal.} Rd7 23. Qc2) 22... Rd7 (22... Qc6 $1 $17 23. a5 bxa5) 23. Bf2 (23. Qc2 $11) 23... Qc6 (23... b5 $15) 24. Qg3 Nd5 25. Qh4 h5 26. gxh6 Kh7 27. Rf3 Qxa4 28. Rf1 $1 Rcc7 29. Qe4 $2 (29. Qg5 $11 {and White is okay.}) 29... Qc2 $36 {[%mdl 2048] Black is in control.} 30. Qg4 b5 (30... Rc3 $1 $19 31. Rxc3 Nxc3) 31. h4 (31. Bg3 $1 $15) 31... Rc3 $1 32. h5 Rxf3 33. Qxf3 Qf5 34. hxg6+ fxg6 35. Qb3 Rf7 $2 ({Black should try} 35... b4 $19 {aiming for ...Rf7.} 36. Bg3 Qe4) 36. Qxb5 $15 a5 37. Qb1 (37. Qxa5 $15 Ne3 38. Bxe3 Qxf1+ 39. Kh2) 37... Qxb1 38. Rxb1 $17 {[%mdl 4096] Endgame KRB-KRN} a4 39. Ra1 Ra7 40. Kf1 Kxh6 41. Ra3 Ra8 42. Be1 Kg5 43. Ke2 Kf4 44. Kd3 Kf5 45. g3 Ra7 46. Bf2 (46. Bd2 $1 $15) 46... Kg4 47. Kd2 {[#]} (47. Ke2 $17 {was worth a try.}) 47... Ra8 (47... Rb7 $1 $19 48. Kc1 Rb4) 48. Be1 g5 {[%cal Bg6g5,Bg5g4][%mdl 32]} 49. Ke2 Ra7 (49... Nb6 $17) 50. Kd2 (50. Bd2 $15) 50... Kh3 51. Ke2 Ra8 52. Kd2 g4 53. Ke2 Kg2 54. Kd3 Kf1 55. Ra1 a3 (55... Ra7 $15) 56. Ba5+ $1 $11 Kg2 57. Rxa3 Rf8 {White must now prevent ...Rf3+.} 58. Ke4 Rf2 ({Don't play} 58... Rf3 59. Ra2+ Kh3 60. Bd2 $17) (58... Rf1 {is interesting.} 59. Bd2 Rd1 60. Bg5 Re1+ 61. Kd3 Rf1) 59. Ra1 Re2+ 60. Kd3 Re3+ {[%mdl 64] Double Attack} 61. Kd2 $2 {[%mdl 8192]} (61. Kc4 $11) 61... Kxg3 $19 62. Bd8 Kf4 63. Ra7 Rg3 64. Rg7 Ke4 65. Ke2 (65. Kc2 $142) 65... Rg2+ 66. Ke1 Kd3 {( -> ...Ne3)} 67. Bg5 g3 {[%cal Rg2g1]} 68. Kf1 (68. Rf7 $19 Kxd4 69. Kf1) 68... Rf2+ {Black mates.} 69. Kg1 {[#]} Nc3 $1 70. Bh6 Ne2+ {[%mdl 64] Double Attack} 71. Kh1 Rh2# {Accuracy: White = 33%, Black = 62%.} 0-1